LEADER 04670nam 2201141Ia 450 001 9910778402203321 005 20200520144314.0 010 $a1-282-35987-8 010 $a9786612359873 010 $a0-520-94460-7 024 7 $a10.1525/9780520944602 035 $a(CKB)1000000000811840 035 $a(EBL)470992 035 $a(OCoLC)609850139 035 $a(SSID)ssj0000312734 035 $a(PQKBManifestationID)11211945 035 $a(PQKBTitleCode)TC0000312734 035 $a(PQKBWorkID)10352982 035 $a(PQKB)10321950 035 $a(StDuBDS)EDZ0000055993 035 $a(OCoLC)722299742 035 $a(MdBmJHUP)muse30577 035 $a(DE-B1597)519444 035 $a(OCoLC)1018038533 035 $a(DE-B1597)9780520944602 035 $a(Au-PeEL)EBL470992 035 $a(CaPaEBR)ebr10343490 035 $a(CaONFJC)MIL235987 035 $a(MiAaPQ)EBC470992 035 $a(EXLCZ)991000000000811840 100 $a20090317d2009 ub 0 101 0 $aeng 135 $aur|n|---||||| 181 $ctxt 182 $cc 183 $acr 200 10$aVietnam 1946$b[electronic resource] $ehow the war began /$fStein Tønnesson 210 $aBerkeley $cUniversity of California Press$d2009 215 $a1 online resource (389 p.) 225 0 $aFrom Indochina to Vietnam : revolution and war in a global perspective ;$v3 300 $a"A Philip E. Lilienthal book in Asian studies"--Jacket flap. 311 $a0-520-26993-4 311 $a0-520-25602-6 320 $aIncludes bibliographical references and index. 327 $tFrontmatter -- $tContents -- $tIllustrations -- $tForeword By The Series Editors -- $tForeword -- $tAcknowledgments -- $tAbbreviations -- $tIntroduction -- $t1. A Clash Of Republics -- $t2. The Chinese Trap -- $t3. Modus Vivendi -- $t4. Massacre -- $t5. The French Trap -- $t6. Who Turned Out The Lights? -- $t7. If Only . . . -- $tNotes -- $tGlossary -- $tBibliography -- $tIndex 330 $aBased on multiarchival research conducted over almost three decades, this landmark account tells how a few men set off a war that would lead to tragedy for millions. Stein Tønnesson was one of the first historians to delve into scores of secret French, British, and American political, military, and intelligence documents. In this fascinating account of an unfolding tragedy, he brings this research to bear to disentangle the complex web of events, actions, and mentalities that led to thirty years of war in Indochina. As the story unfolds, Tønnesson challenges some widespread misconceptions, arguing that French general Leclerc fell into a Chinese trap in March 1946, and Vietnamese general Giap into a French trap in December. Taking us from the antechambers of policymakers in Paris to the docksides of Haiphong and the streets of Hanoi, Vietnam 1946 provides the most vivid account to date of the series of events that would make Vietnam the most embattled area in the world during the Cold War period. 410 0$aFrom Indochina to Vietnam ;$vv. 3. 606 $aIndochinese War, 1946-1954 606 $aIndochinese War, 1946-1954$xCauses 607 $aVietnam$xHistory$y1945-1975 607 $aFrance$xRelations$zVietnam 607 $aVietnam$xRelations$zFrance 607 $aChina$xRelations$zVietnam 607 $aVietnam$xRelations$zChina 610 $a1946. 610 $aamerican military. 610 $abritish military. 610 $achina. 610 $achinese. 610 $acold war period. 610 $acomprehensive account. 610 $aengaging. 610 $afrench military. 610 $afrench. 610 $aglobal politics. 610 $aglobal tragedy. 610 $ahaiphong. 610 $ahanoi. 610 $aindochina. 610 $aintense. 610 $amodern history. 610 $anations at war. 610 $anonfiction. 610 $apage turner. 610 $aparis. 610 $apolicymakers. 610 $apolitics. 610 $aprewar events. 610 $aresearch. 610 $arevolution and war. 610 $asecret intelligence documents. 610 $asoutheast asia. 610 $avietnam history. 610 $avietnam war. 610 $avietnam. 610 $awar drama. 610 $awar in indochina. 615 0$aIndochinese War, 1946-1954. 615 0$aIndochinese War, 1946-1954$xCauses. 676 $a959.704/11 700 $aTønnesson$b Stein$01126931 801 0$bMiAaPQ 801 1$bMiAaPQ 801 2$bMiAaPQ 906 $aBOOK 912 $a9910778402203321 996 $aVietnam 1946$93688268 997 $aUNINA LEADER 01173nam0 22003011i 450 001 UON00342479 005 20231205104304.159 010 $a88-06-59436-2 100 $a20091102d1986 |0itac50 ba 101 $aita 102 $aIT 105 $a|||| 1|||| 200 1 $aGelo$fThomas Bernhard$gtrad. di Magda Olivetti 210 $aTorino$cEinaudi$d1986 215 $a272 p.$d22 cm. Tit. orig.: Frost. 500 1$3UON00378847$aFrost$948439 606 $aNARRATIVA TEDESCA$3UONC084005$2FI 620 $aIT$dTorino$3UONL000014 676 $a833.91$cNarrativa tedesca, 1900-1990$v21 700 1$aBERNHARD$bThomas$3UONV126012$0132758 702 1$aOLIVETTI$bMagda$3UONV192189 712 $aEinaudi$3UONV246211$4650 801 $aIT$bSOL$c20241122$gRICA 912 $aUON00342479 950 $aSIBA - SISTEMA BIBLIOTECARIO DI ATENEO$dSI F. Goethe 830 BER 1593 $eSI 43000 5 1593 950 $aSIBA - SISTEMA BIBLIOTECARIO DI ATENEO$dSI TED 26 I BER 28 $eSI LO 49988 5 28 996 $aFrost$948439 997 $aUNIOR